Épül a raktár, érkezik a felszerelés Megkezdődött a textilművek továbbépítése /

Elmentve itt :
Bibliográfiai részletek
Szerző: Somogyi Károlyné
Dokumentumtípus: Cikk
Megjelent: 1963-01-18
Sorozat:Délmagyarország
Kulcsszavak:Textilipar Szeged 1963
Online Access:http://dmarchiv.bibl.u-szeged.hu/55322
LEADER 00517nab a2200157 i 4500
001 delm55322
005 20180927141853.0
008 180927s1963 hu o 0|| hun d
040 |a SZTE Délmagyarország Archívum  |b hun 
041 |a hun 
100 1 |a Somogyi Károlyné 
245 1 0 |a Épül a raktár, érkezik a felszerelés   |h [elektronikus dokumentum] :  |b Megkezdődött a textilművek továbbépítése /  |c  Somogyi Károlyné 
260 |c 1963-01-18 
300 |a 1 
490 0 |a Délmagyarország 
695 |a Textilipar Szeged 1963